Spanish People and Profession - Statistics

General Stats
  • This quiz has been taken 4 times
  • The average score is 4 of 11
Answer Stats
Hint Answer % Correct
Marinero Sailor
100%
Sobrina Niece
75%
Nieto Grandson
50%
Dueña Owner
50%
Reo Prisoner
50%
Árbitro Referee
50%
Anciana Old Woman
25%
Aldeanos Villagers
25%
Mendiga Beggar
0%
Portero Caretaker
0%
Caballero Gentleman
0%
No matching quizzes found
Score Distribution
Percent of People with Each Score
Percentile by Number Answered
Your Score History
You have not taken this quiz